[Event "OHS 2013"]
[Site "?"]
[Date "2013.02.25"]
[Round "4.23"]
[White "Böcker, Marcus"]
[Black "Buscham, Björn"]
[Result "0-1"]
[WhiteElo "1246"]
[BlackElo "1496"]
[PlyCount "92"]
[EventDate "2013.??.??"]
[SourceDate "2013.02.26"]

1. c4 c6 2. e4 d5 3. exd5 cxd5 4. cxd5 Qxd5 5. Nc3 Qa5 6. Nf3 Nc6 7. d4 Bg4 8.
Be2 e6 9. a3 Rd8 10. Be3 Nf6 11. Bb5 Nd5 12. Bxc6+ bxc6 13. Bd2 Qb6 14. Qa4
Bxf3 15. gxf3 Be7 16. Rb1 Bf6 17. Ne2 Rc8 18. Ba5 Qb5 19. Qxb5 cxb5 20. O-O Kd7
21. Rbc1 Rxc1 22. Rxc1 Rc8 23. Bd2 Rxc1+ 24. Bxc1 Nb6 25. b3 Kd6 26. Be3 a5 27.
Nc3 Kc6 28. Kf1 Nd5 29. Ne4 Be7 30. a4 bxa4 31. bxa4 Nb6 32. Bd2 Nxa4 33. Bxa5
Kd5 34. Nc3+ Nxc3 35. Bxc3 Bf6 36. Ke2 Bxd4 37. Bxd4 Kxd4 38. Kd2 e5 39. h3 g5
40. Ke2 e4 41. fxe4 Kxe4 42. f3+ Kf4 43. Kf2 h5 44. Kg2 h4 45. Kf2 f6 46. Kg2
Ke3 0-1

[Event "OHS 2013"]
[Site "Herne"]
[Date "2013.02.18"]
[Round "3.1"]
[White "Melmer, Felix"]
[Black "Schmidt, Ralph"]
[Result "1-0"]
[WhiteElo "1996"]
[BlackElo "1898"]
[PlyCount "73"]

1. f4 f5 2. b3 Nf6 3. g3 c5 4. Bg2 Nc6 5. Bb2 e6 6. c4 Be7 7. Na3
Rb8 8. Nf3 b6 9. O-O Bb7 10. Nc2 O-O 11. e3 Qc7 12. d4 d5 13. Rc1 dxc4 14. bxc4
Ne4 15. Qe2 Rbd8 16. Rfd1 Bf6 17. Nce1 cxd4 18. exd4 Rfe8 19. Nc2 Na5 20. Ne3
Ba6 21. Ne5 Nd6 22. d5 Bb7 23. Bd4 Nf7 24. c5 Bxe5 25. cxb6 Qe7 26. fxe5 Bxd5
27. Nxd5 exd5 28. Qb5 Nc4 29. bxa7 Ncxe5 30. Bxd5 Nf3+ 31. Bxf3 Rxd4 32. a8=Q
Nd8 33. Re1 Qd7 34. Bc6 Qd6 35. Bg2 Rd2 36. Qf3 Qb6+ 37. Qe3 1-0

[Event "OHS 2013"]
[Site "Herne"]
[Date "2013.02.18"]
[Round "3.2"]
[White "Zwielich, Frank"]
[Black "Göldenboog, Jürgen"]
[Result "1-0"]
[WhiteElo "1951"]
[BlackElo "1840"]
[PlyCount "57"]

1. d4 d5 2. Nf3 Nf6 3. Bf4 g6 4. e3 Bg7 5. c4 O-O 6. Nc3 c6 7. h3
Nbd7 8. Be2 dxc4 9. Bxc4 Nb6 10. Bb3 Nbd5 11. Bh2 Qa5 12. Rc1 Ne4 13. O-O Ndxc3
14. bxc3 b6 15. Ne5 Bxe5 16. Bxe5 Bb7 17. f3 Nf6 18. Qe1 Nd7 19. Bh2 e5 20. Qf2
Rac8 21. Rfd1 exd4 22. cxd4 Rfe8 23. e4 c5 24. Bd6 cxd4 25. Qxd4 Nf8 26. Qf6
Ne6 27. Be5 Kf8 28. Qh8+ Ke7 29. Bf6# 1-0

[Event "OHS 2013"]
[Site "Herne"]
[Date "2013.02.18"]
[Round "3.3"]
[White "Barth, Hans-Joachim"]
[Black "Kiese, Matthias, Prof. Dr."]
[Result "1/2-1/2"]
[WhiteElo "1695"]
[BlackElo "2125"]
[PlyCount "97"]

1. e4 c5 2. d3 Nc6 3. g3 g6 4. Bg2 Bg7 5. f4 d6 6. Nf3 e6 7. O-O
Nge7 8. c3 O-O 9. Be3 b6 10. Na3 Ba6 11. Bf2 Qd7 12. Re1 Rac8 13. Nc2 h6 14.
Qd2 Kh7 15. Rad1 Rfd8 16. g4 f5 17. h3 Rf8 18. Bg3 Rce8 19. Na3 b5 20. Bf1 b4
21. Nc4 bxc3 22. bxc3 d5 23. Nce5 Nxe5 24. Nxe5 Qa4 25. Bg2 dxe4 26. dxe4 Qa5
27. exf5 exf5 28. Qd6 Rf6 29. Qd7 Bb5 30. Qd2 Ba4 31. Nd7 Bxd1 32. Nxf6+ Bxf6
33. Rxd1 Qxc3 34. Qxc3 Bxc3 35. Bf2 Bd4 36. Bxd4 cxd4 37. Rxd4 fxg4 38. hxg4
Kg7 39. Rd7 a5 40. Ra7 Kf6 41. Rxa5 Rd8 42. Ra6+ Kf7 43. a4 Rd4 44. f5 gxf5 45.
gxf5 Nxf5 46. a5 Rd1+ 47. Kh2 Rd2 48. Kh3 Rd3+ 49. Kh2 1/2-1/2

[Event "OHS 2013"]
[Site "Herne"]
[Date "2013.02.18"]
[Round "3.4"]
[White "Bartel, Mario"]
[Black "Scheibe, Werner"]
[Result "1-0"]
[WhiteElo "2101"]
[BlackElo "1864"]
[PlyCount "101"]

1. e4 e6 2. d4 d5 3. e5 c5 4. c3 Nc6 5. Nf3 Qb6 6. Bd3 Bd7 7. O-O
cxd4 8. cxd4 Nxd4 9. Nxd4 Qxd4 10. Nc3 a6 11. Qe2 Qb6 12. Kh1 Ne7 13. f4 g6 14.
Be3 Qd8 15. f5 Nxf5 16. Qf2 h5 17. Bb6 Qh4 18. Nxd5 exd5 19. Bxf5 Qxf2 20.
Bxd7+ Kxd7 21. Rxf2 Rh7 22. Rd1 Re8 23. Rc2 Rxe5 24. Rc7+ Kd6 25. Rxb7 Kc6 26.
Rb8 Bh6 27. Ba5 Be3 28. a4 f5 29. Rc8+ Kb7 30. Rg8 g5 31. Rd3 d4 32. Rb3+ Kc6
33. Rb6+ Kd5 34. Rd8+ Ke4 35. Rxa6 Rc5 36. Re6+ Kd3 37. Bc3 Ra7 38. Rxe3+ Kxe3
39. Bxd4+ Ke4 40. Bxc5 Rxa4 41. Rd1 f4 42. b4 g4 43. Kg1 h4 44. Rb1 f3 45.
gxf3+ Kxf3 46. b5 Ra2 47. b6 g3 48. b7 Rg2+ 49. Kf1 Rxh2 50. Rb3+ Kg4 51. b8=Q
1-0

[Event "OHS 2013"]
[Site "Herne"]
[Date "2013.02.18"]
[Round "3.5"]
[White "Trzaska, Peter"]
[Black "Klüting, Reiner"]
[Result "1/2-1/2"]
[WhiteElo "2075"]
[BlackElo "1887"]
[PlyCount "80"]

1. Nf3 d5 2. c4 c6 3. b3 Nf6 4. Bb2 dxc4 5. bxc4 Qb6 6. Qb3 Nbd7
7. d4 e6 8. e3 Bb4+ 9. Bc3 Bxc3+ 10. Nxc3 O-O 11. Bd3 Qxb3 12. axb3 Re8 13. O-O
e5 14. Nd2 exd4 15. exd4 Nb6 16. h3 Be6 17. Nf3 h6 18. Ra5 a6 19. Re1 Rad8 20.
Rae5 Nbd7 21. R5e3 Kf8 22. Ne2 Nb6 23. Ng3 g6 24. Ne2 Bc8 25. Ne5 Nbd7 26. f4
Nxe5 27. fxe5 Nh7 28. Rf1 Kg7 29. Ref3 Re7 30. b4 Ng5 31. Rg3 Ne6 32. Bf5 Kh7
33. Bxe6 Bxe6 34. d5 cxd5 35. c5 Bf5 36. Nd4 Rxe5 37. Rgf3 Rd7 38. Nxf5 Rxf5
39. Rxf5 gxf5 40. Rxf5 Kg6 1/2-1/2

[Event "OHS 2013"]
[Site "Herne"]
[Date "2013.02.18"]
[Round "3.7"]
[White "Reinholz, Benjamin"]
[Black "Deutschmann, Jürgen"]
[Result "0-1"]
[WhiteElo "1963"]
[BlackElo "1536"]
[PlyCount "58"]

1. e4 c6 2. d4 d5 3. Nc3 dxe4 4. Nxe4 Nd7 5. Nf3 Ngf6 6. Bd3 Nxe4
7. Bxe4 Nf6 8. Bd3 Bg4 9. Be3 e6 10. h3 Bxf3 11. Qxf3 Be7 12. O-O-O Qd5 13.
Qxd5 Nxd5 14. Bd2 Nb4 15. Bc4 b5 16. Bb3 a5 17. a4 O-O 18. Rhe1 Nd5 19. axb5 a4
20. Ba2 a3 21. c4 axb2+ 22. Kb1 Nb4 23. Bxb4 Bxb4 24. Re3 cxb5 25. Rb3 bxc4 26.
Rxb4 c3 27. Rc4 Ra3 28. Rb4 Rxa2 29. Rxb2 Rxb2+ 0-1

[Event "OHS 2013"]
[Site "Herne"]
[Date "2013.02.18"]
[Round "3.8"]
[White "Bleich, Karl-Heinz"]
[Black "Radi, Günter"]
[Result "0-1"]
[WhiteElo "1543"]
[BlackElo "1959"]
[PlyCount "84"]

1. d4 d5 2. c4 e6 3. Nc3 Nf6 4. Nf3 dxc4 5. Bg5 Be7 6. e3 O-O 7.
Bxc4 Nbd7 8. O-O Nb6 9. Bd3 Nfd5 10. Bxe7 Qxe7 11. Rc1 c6 12. Bb1 Nxc3 13. Rxc3
Nd5 14. Qc2 g6 15. Rb3 Nb6 16. e4 f6 17. Re1 Rf7 18. a3 Kh8 19. Ba2 Qf8 20.
Rbe3 Bd7 21. Rd1 Rd8 22. d5 exd5 23. exd5 Bf5 24. Qc1 Rfd7 25. Rde1 Nxd5 26.
Bxd5 Rxd5 27. Nh4 Bc8 28. Qc2 g5 29. Re7 Qxe7 30. Ng6+ hxg6 31. Kf1 Qf7 32. Qb3
Bf5 33. h3 Qc7 34. Kg1 Re5 35. Rc1 Rde8 36. Qc3 Qe7 37. Rf1 Re1 38. g4 Rxf1+
39. Kxf1 Qe2+ 40. Kg2 Be4+ 41. Kg1 Qd1+ 42. Kh2 Qh1+ 0-1

[Event "OHS 2013"]
[Site "Herne"]
[Date "2013.02.18"]
[Round "3.9"]
[White "Gorzinski, Darius"]
[Black "Funke, Eckhard"]
[Result "1/2-1/2"]
[WhiteElo "1923"]
[BlackElo "1861"]
[PlyCount "100"]

1. e4 c5 2. c3 d5 3. exd5 Qxd5 4. d4 cxd4 5. Nf3 Bg4 6. cxd4 e6 7.
Be2 Nf6 8. O-O Be7 9. h3 Bh5 10. Nc3 Qd8 11. Qb3 Qc7 12. Be3 O-O 13. Ne5 Bxe2
14. Nxe2 Nd5 15. Nc3 Nxc3 16. bxc3 Nc6 17. f4 Rac8 18. Bd2 Na5 19. Qd1 Nc4 20.
Nxc4 Qxc4 21. Qb3 b5 22. Rab1 a6 23. f5 Qd3 24. Rbd1 Qc4 25. Qxc4 Rxc4 26. fxe6
fxe6 27. Rfe1 Kf7 28. Re2 Bf6 29. Rde1 b4 30. cxb4 Bxd4+ 31. Be3 Bxe3+ 32. Rxe3
Rxb4 33. Rxe6 Ra4 34. Re7+ Kg6 35. R1e2 Rf6 36. Rb7 h5 37. Ree7 Rxa2 38. Rxg7+
Kf5 39. Rb1 Rg6 40. Rf1+ Kg5 41. h4+ Kh6 42. Rxg6+ Kxg6 43. Rf3 Ra4 44. g3 Rg4
45. Kf2 a5 46. Rc3 a4 47. Rc5 Kh6 48. Ra5 Kg6 49. Ra6+ Kg7 50. Kf3 Kh7 1/2-1/2

[Event "OHS 2013"]
[Site "Herne"]
[Date "2013.02.18"]
[Round "3.10"]
[White "Löffelbein, Klaus"]
[Black "Wlozcek, Josef"]
[Result "1-0"]
[WhiteElo "1870"]
[BlackElo "1919"]
[PlyCount "65"]

1. d4 d5 2. c4 e5 3. dxe5 d4 4. Nf3 Nc6 5. g3 Bf5 6. Bg2 Nb4 7.
Nh4 Nc2+ 8. Kf1 Qd7 9. Nxf5 Qxf5 10. Bxb7 Rd8 11. Bc6+ Ke7 12. Na3 Nxa1 13. Bd2
Qxe5 14. Qxa1 Qc5 15. Ba4 Nf6 16. Nc2 Qe5 17. Nb4 Rd6 18. Bf4 Qa5 19. Nc6+ Rxc6
20. Bxc6 g5 21. Bc1 Qc5 22. Bg2 Qxc4 23. b3 Qc2 24. Bxg5 Bg7 25. Qc1 Qxc1+ 26.
Bxc1 Nd7 27. Ba3+ Kf6 28. Bh3 Nb6 29. Kg2 Bf8 30. Bb2 Bc5 31. Rc1 Bd6 32. Bxd4+
Be5 33. Rc6+ 1-0

[Event "OHS 2013"]
[Site "Herne"]
[Date "2013.02.18"]
[Round "3.11"]
[White "Wiese, Thomas"]
[Black "Wickenfeld, Stefan"]
[Result "0-1"]
[WhiteElo "1753"]
[BlackElo "2073"]
[PlyCount "58"]

1. d4 f5 2. c4 Nf6 3. Nc3 g6 4. Qc2 Bg7 5. Nf3 d6 6. g3 O-O 7. Bg2
c6 8. O-O Nbd7 9. Ng5 Nb6 10. b3 h6 11. Nf3 a5 12. Nh4 Qe8 13. e4 fxe4 14. Nxe4
g5 15. Nf3 Bf5 16. Nxf6+ Rxf6 17. Qe2 Qf7 18. Qd2 Bg4 19. Ne1 Qh5 20. Bb2 Be2
21. g4 Bxg4 22. f3 Bh3 23. d5 Bxg2 24. Kxg2 Rf7 25. Bxg7 Rxg7 26. Qe3 g4 27. f4
Qh3+ 28. Qxh3 gxh3+ 29. Kxh3 cxd5 0-1

[Event "OHS 2013"]
[Site "Herne"]
[Date "2013.02.18"]
[Round "3.12"]
[White "Schäfer, Michael"]
[Black "Ribbeheger, Edgar"]
[Result "1/2-1/2"]
[WhiteElo "1660"]
[BlackElo "1986"]
[PlyCount "104"]

1. d4 c5 2. d5 Nf6 3. c4 g6 4. Nc3 Bg7 5. e4 d6 6. f4 O-O 7. Nf3
b5 8. cxb5 a6 9. a4 axb5 10. Bxb5 Ba6 11. Bd2 Bxb5 12. axb5 Nbd7 13. O-O Rxa1
14. Qxa1 Nb6 15. h3 Nc4 16. Qa2 Nb6 17. Ra1 Qd7 18. Qa7 Ra8 19. Qxb6 Rxa1+ 20.
Kh2 Ra8 21. Qc6 Rc8 22. Qa6 Rb8 23. e5 Ne8 24. b6 Qd8 25. Na4 dxe5 26. fxe5
Qxd5 27. Bf4 e6 28. Qb5 Bf8 29. Be3 Ng7 30. Nxc5 Nf5 31. Bg1 Ne7 32. Qb3 Qxb3
33. Nxb3 Nd5 34. Na5 Bb4 35. Nc6 Rb7 36. Nd8 Rd7 37. Nc6 h6 38. Nb8 Rb7 39. Nc6
Kg7 40. Nd8 Rd7 41. b7 Rxd8 42. Ba7 Bc5 43. b8=Q Rxb8 44. Bxb8 Kf8 45. Nd2 Ke8
46. Ne4 Bd4 47. Nd6+ Kf8 48. Nc4 Bc5 49. Kg3 Ke8 50. Kf3 Kd7 51. Bd6 Bxd6 52.
Nxd6 Ke7 1/2-1/2

[Event "OHS 2013"]
[Site "Herne"]
[Date "2013.02.18"]
[Round "3.13"]
[White "Winterkamp, Sascha"]
[Black "Sikorski, Thomas"]
[Result "1-0"]
[WhiteElo "1956"]
[BlackElo "1656"]
[PlyCount "54"]

1. d4 c6 2. Nf3 d6 3. e3 Nd7 4. b3 e5 5. Nbd2 Ngf6 6. dxe5 dxe5 7.
Bb2 Qc7 8. Be2 Be7 9. O-O O-O 10. Nc4 Ng4 11. h3 e4 12. hxg4 exf3 13. Bxf3 Rd8
14. Qe1 Nf6 15. Be5 Qd7 16. Rd1 Qe6 17. Rxd8+ Bxd8 18. Qa1 Nxg4 19. Rd1 Be7 20.
Bg3 Bf6 21. Qc3 Qe7 22. Qa5 Be6 23. Nd6 Bh4 24. Bxh4 Qxh4 25. Bxg4 Qxg4 26. Rd4
Qg6 27. Nc8 b6 1-0

[Event "OHS 2013"]
[Site "Herne"]
[Date "2013.02.18"]
[Round "3.14"]
[White "Fischöder, Heiko"]
[Black "Steinke, Hans-Jörg"]
[Result "1-0"]
[WhiteElo "1939"]
[BlackElo "1640"]
[PlyCount "41"]

1. d4 d5 2. c4 e6 3. Nf3 Nf6 4. g3 dxc4 5. Bg2 c6 6. a4 Bb4+ 7.
Bd2 Qa5 8. Nc3 Nd5 9. Qc2 Nd7 10. O-O O-O 11. Ng5 N7f6 12. e4 Bxc3 13. bxc3 h6
14. exd5 cxd5 15. Nf3 Bd7 16. Ne5 Be8 17. f4 Rb8 18. f5 Qa6 19. g4 Nd7 20. Nxd7
Bxd7 21. f6 1-0

[Event "OHS 2013"]
[Site "Herne"]
[Date "2013.02.18"]
[Round "3.15"]
[White "Heinz, Hans-Werner"]
[Black "Markert, Dirk, Dr."]
[Result "0-1"]
[WhiteElo "1169"]
[BlackElo "1846"]
[PlyCount "84"]

1. e4 e6 2. d4 d5 3. e5 c5 4. c3 Nc6 5. Nf3 Bd7 6. Be2 Qb6 7. O-O
Nh6 8. h3 cxd4 9. cxd4 Nf5 10. b3 Ncxd4 11. Nxd4 Qxd4 12. Qxd4 Nxd4 13. Bd1 Be7
14. Bb2 Nc6 15. Nd2 Rc8 16. Nf3 O-O 17. a3 f6 18. b4 a6 19. Re1 fxe5 20. Nxe5
Nxe5 21. Bxe5 Bf6 22. Rb1 Bxe5 23. Rxe5 Rc3 24. a4 Rfc8 25. Kh2 Rc1 26. Rxc1
Rxc1 27. Bg4 Kf7 28. Re3 Rc4 29. Rf3+ Ke7 30. b5 Rxa4 31. bxa6 Rxa6 32. Re3 b5
33. Bf3 Kd6 34. Be2 Rb6 35. Rb3 b4 36. f4 Kc5 37. Bd3 g6 38. g4 Bb5 39. Bc2 Ba4
40. Rb2 Bxc2 41. Rxc2+ Kd4 42. Kg3 b3 0-1

[Event "OHS 2013"]
[Site "Herne"]
[Date "2013.02.18"]
[Round "3.17"]
[White "Nagel, Frank"]
[Black "Stenzel, Gerhard"]
[Result "1-0"]
[WhiteElo "1585"]
[BlackElo "1629"]
[PlyCount "55"]

1. d4 e5 2. dxe5 Nc6 3. Nf3 Qe7 4. Nbd2 Nxe5 5. g3 d5 6. Nxe5 Qxe5
7. Nf3 Qe6 8. Bg2 h6 9. O-O Nf6 10. Nd4 Qd7 11. Re1 c5 12. Nf3 Bd6 13. b3 O-O
14. Bb2 d4 15. e3 dxe3 16. Rxe3 Qc7 17. Bxf6 gxf6 18. Qd5 Be6 19. Qh5 Kg7 20.
Rae1 Rad8 21. Nh4 Be5 22. Be4 Rh8 23. Bf5 Qc8 24. c3 Rd6 25. f4 Rd2 26. fxe5
fxe5 27. Rxe5 Rhd8 28. Bxe6 1-0

[Event "OHS 2013"]
[Site "Herne"]
[Date "2013.02.18"]
[Round "3.18"]
[White "Milk, Joshua"]
[Black "Mancic, Ivan"]
[Result "0-1"]
[WhiteElo "1192"]
[BlackElo "2086"]
[PlyCount "48"]

1. c4 e6 2. Nf3 f5 3. d4 Nf6 4. Nc3 Bb4 5. Bd2 b6 6. a3 Bxc3 7.
Bxc3 Bb7 8. g3 O-O 9. Bg2 d6 10. b4 Nbd7 11. O-O Qe8 12. c5 Ne4 13. Qc2 Ndf6
14. Bb2 Bd5 15. a4 Qh5 16. Nh4 g5 17. Bf3 Ng4 18. Bxg4 fxg4 19. Ng2 Nxf2 20.
Rxf2 Rxf2 21. Kxf2 Qxh2 22. e4 Rf8+ 23. Ke3 Qxg3+ 24. Kd2 Qxg2+ 0-1

[Event "OHS 2013"]
[Site "Herne"]
[Date "2013.02.18"]
[Round "3.19"]
[White "Breme, Dietmar"]
[Black "Wolff, Christoph"]
[Result "0-1"]
[WhiteElo "1283"]
[BlackElo "2000"]
[PlyCount "40"]

1. e4 c5 2. Nf3 e6 3. d4 cxd4 4. Nxd4 Nf6 5. Nc3 d6 6. Be3 a6 7.
Be2 Qc7 8. Qd2 b5 9. Bf3 Bb7 10. O-O-O Be7 11. Qd3 O-O 12. g4 Nc6 13. g5 Nd7
14. Bg4 b4 15. Nxe6 Qa5 16. Nd5 Nde5 17. Nxe7+ Nxe7 18. Qd4 Qxa2 19. Nxf8 N7c6
20. Qb6 Nc4 0-1

[Event "OHS 2013"]
[Site "Herne"]
[Date "2013.02.18"]
[Round "3.20"]
[White "Grunwald, Günther"]
[Black "Kraus, Tanja"]
[Result "1/2-1/2"]
[WhiteElo "1569"]
[BlackElo "1697"]
[PlyCount "62"]

1. e4 Nf6 2. e5 Nd5 3. d4 d6 4. Nf3 Bg4 5. Be2 e6 6. O-O Bxf3 7.
Bxf3 c6 8. exd6 Bxd6 9. c4 Nf6 10. Nc3 Qc7 11. g3 O-O 12. c5 Be7 13. Bf4 Qa5
14. a3 Nd5 15. Nxd5 exd5 16. Qb3 b5 17. Bxd5 cxd5 18. Qxd5 Na6 19. Qb7 Bf6 20.
Rfd1 Rfe8 21. Bd2 Qa4 22. b3 Nxc5 23. Qxa8 Rxa8 24. bxa4 Nxa4 25. Be3 Rd8 26.
Rac1 Nb2 27. Rd2 Nc4 28. Rd3 Be7 29. Rb1 Nxa3 30. Rxa3 Bxa3 31. Rxb5 Bd6
1/2-1/2

[Event "OHS 2013"]
[Site "Herne"]
[Date "2013.02.18"]
[Round "3.21"]
[White "Bucham, Björn"]
[Black "Kümmel, Hans-Jürgen"]
[Result "0-1"]
[WhiteElo "1496"]
[BlackElo "1301"]
[PlyCount "62"]

1. e4 c5 2. c3 d5 3. exd5 Qxd5 4. Nf3 Nc6 5. Be2 Nf6 6. O-O Bf5 7.
c4 Qd7 8. a3 e6 9. Nc3 Be7 10. Nh4 Bd3 11. Re1 Bxe2 12. Nxe2 Rd8 13. Nf3 O-O
14. Qc2 Qc7 15. d3 e5 16. Bg5 Nh5 17. Bxe7 Qxe7 18. Rad1 f5 19. Nc3 Nf4 20. g3
Ng6 21. Nd5 Qf7 22. Nd2 Nd4 23. Qb1 b5 24. b3 Rb8 25. Nc3 Qd7 26. Ne2 f4 27.
Nxd4 exd4 28. Re4 Qh3 29. Kh1 fxg3 30. fxg3 Rf2 31. Nf1 Qg2# 0-1

[Event "OHS 2013"]
[Site "Herne"]
[Date "2013.02.18"]
[Round "3.22"]
[White "Säglitz, Patrick"]
[Black "Böcker, Marcus"]
[Result "1/2-1/2"]
[WhiteElo "1401"]
[BlackElo "1246"]
[PlyCount "71"]

1. c4 b6 2. Nc3 Bb7 3. e4 e6 4. d4 Bb4 5. f3 Ne7 6. Nge2 d5 7. a3
Bxc3+ 8. Nxc3 dxe4 9. fxe4 O-O 10. Be3 Nd7 11. Bd3 f5 12. O-O c5 13. d5 exd5
14. exd5 Ne5 15. Be2 N7g6 16. Qd2 Qd7 17. b4 Rac8 18. bxc5 bxc5 19. Rab1 Rf6
20. Rb3 Rb6 21. Rfb1 Ba6 22. Nb5 Qf7 23. g3 Ng4 24. Bxg4 fxg4 25. Qf2 Qxf2+ 26.
Bxf2 Ne5 27. Nxa7 Rxb3 28. Rxb3 Re8 29. Bxc5 Nf3+ 30. Kg2 Re2+ 31. Bf2 Bxc4 32.
Rb8+ Kf7 33. d6 Ne1+ 34. Kg1 Nf3+ 35. Kg2 Ne1+ 36. Kg1 1/2-1/2

[Event "OHS 2013"]
[Site "Herne"]
[Date "2013.02.18"]
[Round "3.23"]
[White "Nioduschewski, Nils"]
[Black "Rochol, Jürgen"]
[Result "1-0"]
[WhiteElo "1260"]
[BlackElo "1400"]
[PlyCount "71"]

1. c4 e5 2. Nc3 Nf6 3. e3 d5 4. d4 exd4 5. Qxd4 Nc6 6. Qd1 Be6 7.
cxd5 Nxd5 8. Nxd5 Bxd5 9. Nf3 Be7 10. Be2 O-O 11. O-O Re8 12. Re1 Bf6 13. Bd3
Be4 14. Bxe4 Qxd1 15. Bxh7+ Kxh7 16. Rxd1 Rad8 17. Bd2 Rd3 18. Bc3 Rxd1+ 19.
Rxd1 Bxc3 20. bxc3 a6 21. Kf1 b5 22. Rd7 Re7 23. Rxe7 Nxe7 24. Nd2 c5 25. c4 f6
26. a3 Kg8 27. Ke2 Kf7 28. Kd3 Ke6 29. f4 f5 30. e4 fxe4+ 31. Nxe4 b4 32. Nxc5+
Kd6 33. axb4 Kc6 34. Nxa6 Kb6 35. Nc5 Nc6 36. Kc3 1-0

[Event "OHS 2013"]
[Site "Herne"]
[Date "2013.02.04"]
[Round "2.1"]
[White "Kiese, Matthias,Prof.Dr."]
[Black "Löffelbein, Klaus"]
[Result "1/2-1/2"]
[WhiteElo "2125"]
[BlackElo "1870"]
[PlyCount "61"]

1. d4 Nf6 2. Nf3 e6 3. Bg5 h6 4. Bxf6 Qxf6 5. Nbd2 c5 6. Ne4 Qf4
7. Nxc5 Bxc5 8. e3 Bb4+ 9. c3 Qd6 10. cxb4 Qxb4+ 11. Qd2 Qxd2+ 12. Kxd2 O-O 13.
Rc1 Nc6 14. a3 a5 15. Bb5 Na7 16. a4 d6 17. Rc7 Rd8 18. Rhc1 Kf8 19. e4 Rb8 20.
Bd3 Bd7 21. b3 Bc6 22. Ke3 Rbc8 23. Rxc8 Nxc8 24. Nd2 Nb6 25. f4 Rc8 26. h4 Ke7
27. Nc4 Nxc4+ 28. Rxc4 Bd7 29. Rxc8 Bxc8 30. e5 Bd7 31. g3 1/2-1/2

[Event "OHS 2013"]
[Site "Herne"]
[Date "2013.02.04"]
[Round "2.2"]
[White "Klüting, Reiner"]
[Black "Bartel, Mario"]
[Result "1/2-1/2"]
[WhiteElo "1887"]
[BlackElo "2101"]
[PlyCount "53"]

1. e4 e5 2. Nc3 Nc6 3. Bc4 Nf6 4. d3 Bb4 5. Bg5 h6 6. Bxf6 Qxf6 7.
Qf3 Qg6 8. O-O-O Bxc3 9. bxc3 O-O 10. Ne2 Na5 11. Bb3 Nxb3+ 12. axb3 d6 13. Qg3
Qh5 14. Qe3 f5 15. f3 fxe4 16. dxe4 a5 17. Kb2 Be6 18. c4 a4 19. Ra1 axb3 20.
Rxa8 Rxa8 21. cxb3 Ra6 22. h3 Qg6 23. g4 Rb6 24. Kc3 Qe8 25. Ra1 Qd8 26. Ng3
Qh4 27. Qf2 1/2-1/2

[Event "OHS 2013"]
[Site "Herne"]
[Date "2013.02.04"]
[Round "2.3"]
[White "Scheibe, Werner"]
[Black "Trzaska, Peter"]
[Result "1/2-1/2"]
[WhiteElo "1864"]
[BlackElo "2075"]
[PlyCount "48"]

1. e4 d5 2. exd5 Nf6 3. d4 Nxd5 4. Nf3 g6 5. Bc4 Bg7 6. O-O Nb6 7.
Bb3 c5 8. dxc5 Qxd1 9. Rxd1 N6d7 10. c3 Nxc5 11. Bc2 Bg4 12. Nbd2 Nc6 13. h3
Bf5 14. Bxf5 gxf5 15. Nb3 Ne6 16. Be3 f4 17. Bd4 Ncxd4 18. Nbxd4 Nxd4 19. Nxd4
O-O-O 20. Nf3 Bf6 21. Kf1 Kc7 22. Ke2 Kc6 23. Rxd8 Rxd8 24. Rd1 Rxd1 1/2-1/2

[Event "OHS 2013"]
[Site "Herne"]
[Date "2013.02.04"]
[Round "2.4"]
[White "Funke, Eckhard"]
[Black "Kolakovic, Klaudio"]
[Result "1/2-1/2"]
[WhiteElo "1861"]
[BlackElo "2001"]
[PlyCount "51"]

1. d4 Nf6 2. c4 c5 3. d5 Ne4 4. Qd3 Qa5+ 5. Nc3 Nxc3 6. Bd2 e5 7.
Bxc3 Qc7 8. Nf3 d6 9. e4 Be7 10. Be2 O-O 11. Nd2 f5 12. exf5 Bxf5 13. Ne4 Nd7
14. Qc2 Bxe4 15. Qxe4 Rf4 16. Qc2 Raf8 17. f3 R4f7 18. Bd3 g5 19. O-O-O a6 20.
g4 Rb8 21. Bf5 Nf8 22. h4 b5 23. hxg5 Bxg5+ 24. Bd2 Bxd2+ 25. Rxd2 bxc4 26.
Rdh2 1/2-1/2

[Event "OHS 2013"]
[Site "Herne"]
[Date "2013.02.04"]
[Round "2.5"]
[White "Markert, Dirk,Dr."]
[Black "Melmer, Felix"]
[Result "0-1"]
[WhiteElo "1846"]
[BlackElo "1996"]
[PlyCount "72"]

1. e4 c5 2. Nc3 Nc6 3. f4 g6 4. Nf3 Bg7 5. g3 d6 6. Bg2 Bd7 7. d3
e6 8. O-O Nge7 9. Be3 f5 10. e5 dxe5 11. fxe5 Qa5 12. Qe1 Nxe5 13. Nxe5 Bxe5
14. Qf2 Bd6 15. Bh6 Nc6 16. Bg7 Rg8 17. Ne4 Be7 18. Nf6+ Bxf6 19. Bxf6 Kf7 20.
Bg5 Rae8 21. Qf4 e5 22. Qh4 h6 23. Qxh6 Be6 24. Bd5 Bxd5 25. Rxf5+ Ke6 26. Raf1
Kd7 27. Rf6 Kc8 28. Qh3+ Kb8 29. c4 Qxa2 30. Qd7 Bxc4 31. Qd6+ Kc8 32. Rf8
Rgxf8 33. Rxf8 Bf7 34. Bd8 Rxd8 35. Rxd8+ Nxd8 36. Qxc5+ Nc6 0-1

[Event "OHS 2013"]
[Site "Herne"]
[Date "2013.02.04"]
[Round "2.6"]
[White "Klinke, Werner"]
[Black "Reinholz, Benjamin"]
[Result "1/2-1/2"]
[WhiteElo "1844"]
[BlackElo "1963"]
[PlyCount "81"]

1. b4 e5 2. Bb2 Bxb4 3. Bxe5 Nf6 4. Nf3 Nc6 5. Bb2 d5 6. e3 Bg4 7.
Be2 O-O 8. O-O Qe7 9. d3 Rad8 10. Nbd2 Rfe8 11. Rb1 b6 12. Re1 Bd6 13. Nf1 Bc8
14. Ng3 Ng4 15. Bf1 Qe6 16. h3 Nge5 17. Nh2 Ne7 18. Qd2 Nf5 19. Nxf5 Qxf5 20.
f4 Nc6 21. Qf2 d4 22. exd4 Bxf4 23. g4 Qg5 24. Nf3 Qd5 25. c4 Qd6 26. Rxe8+
Rxe8 27. Re1 Rf8 28. Kg2 f5 29. g5 h6 30. d5 Ne7 31. Qd4 Rf7 32. Ne5 Bxe5 33.
Qxe5 Qg6 34. Bc1 hxg5 35. Qxc7 f4 36. Rxe7 Bxh3+ 37. Kg1 Qf6 38. Rxf7 Qd4+ 39.
Kh1 Bxf1 40. Be3 Qb2 41. Qc8+ 1/2-1/2

[Event "OHS 2013"]
[Site "Herne"]
[Date "2013.02.04"]
[Round "2.7"]
[White "Radi, Günter"]
[Black "Barth, Hans-Joachim"]
[Result "1/2-1/2"]
[WhiteElo "1959"]
[BlackElo "1695"]
[PlyCount "36"]

1. d4 c5 2. dxc5 Na6 3. Nc3 e6 4. e3 Nxc5 5. Nf3 Nf6 6. Be2 d5 7.
O-O Bd6 8. Nb5 Bb8 9. c4 O-O 10. Qc2 b6 11. Rd1 Bb7 12. b3 a6 13. Nc3 Qc7 14.
cxd5 Nce4 15. Bb2 Nxd5 16. Qxe4 Nxc3 17. Qg4 Bxf3 18. gxf3 Qxh2+ 1/2-1/2

[Event "OHS 2013"]
[Site "Herne"]
[Date "2013.02.04"]
[Round "2.8"]
[White "Göldenboog, Jürgen"]
[Black "Winterkamp, Sascha"]
[Result "1-0"]
[WhiteElo "1840"]
[BlackElo "1956"]
[PlyCount "61"]

1. d4 Nf6 2. c4 c5 3. d5 e6 4. Nc3 exd5 5. cxd5 d6 6. e4 g6 7. f4
Bg7 8. Nf3 O-O 9. Be2 a6 10. e5 dxe5 11. fxe5 Ng4 12. Bg5 Qe8 13. O-O Nxe5 14.
d6 Nxf3+ 15. Bxf3 Bd4+ 16. Kh1 f6 17. Bh6 Rf7 18. Nd5 Qd8 19. Nc7 Ra7 20. Bd5
b5 21. Re1 Bb7 22. Bxf7+ Kxf7 23. Re7+ Qxe7 24. dxe7 Kxe7 25. Qe2+ Be5 26. Bf4
Nc6 27. Nd5+ Ke6 28. Bxe5 Nxe5 29. Nf4+ Ke7 30. Re1 Bc6 31. Nd3 1-0

[Event "OHS 2013"]
[Site "Herne"]
[Date "2013.02.04"]
[Round "2.9"]
[White "Steinke, Hans-Jörg"]
[Black "Zwielich, Frank"]
[Result "0-1"]
[WhiteElo "1640"]
[BlackElo "1951"]
[PlyCount "54"]

1. d4 Nf6 2. c4 e6 3. Nf3 c5 4. d5 exd5 5. cxd5 d6 6. Nc3 g6 7. e4
Bg4 8. Be2 a6 9. a4 Bg7 10. O-O O-O 11. Nd2 Bxe2 12. Qxe2 Nbd7 13. Nc4 Nb6 14.
f4 Re8 15. Nxb6 Qxb6 16. Re1 Re7 17. a5 Qc7 18. Ra4 Rae8 19. Qd3 Qd7 20. Rc4
Qd8 21. Ra4 Ng4 22. h3 Bd4+ 23. Kf1 Nf2 24. Qf3 f5 25. Rxd4 cxd4 26. Ne2 Nxe4
27. Nxd4 Ng3+ 0-1

[Event "OHS 2013"]
[Site "Herne"]
[Date "2013.02.04"]
[Round "2.10"]
[White "Wloczek, Josef"]
[Black "Bleich, Karl-Heinz"]
[Result "1/2-1/2"]
[WhiteElo "1919"]
[BlackElo "1543"]
[PlyCount "87"]

1. e4 e5 2. Nc3 Nf6 3. g3 d6 4. Bg2 Nc6 5. Nge2 Be7 6. O-O O-O 7.
d4 exd4 8. Nxd4 Bd7 9. Nf5 Bxf5 10. exf5 Qd7 11. g4 h6 12. Bf4 Rab8 13. h3 Rfe8
14. Qd2 Bf8 15. Rfe1 Rbd8 16. Rad1 a6 17. Rxe8 Rxe8 18. Re1 Nd8 19. Nd5 Nxd5
20. Bxd5 c6 21. Rxe8 Qxe8 22. Bf3 Qd7 23. c3 b5 24. Qd4 d5 {mit Remisangebot}
25. Qb6 Bd6 26. Bxd6 Qxd6 27. Qxa6 f6 28. Qc8 Kh7 29. b3 Qe7 30. Kg2 Qd6 31. a4
bxa4 32. bxa4 Nf7 33. Qe6 Qc7 34. a5 Ne5 35. a6 Qa7 {mit Remisangebot} 36. Be2
Qc5 37. Qc8 d4 38. cxd4 Qxd4 39. f3 Qe3 40. Kf1 Qc1+ 41. Kf2 Qc5+ 42. Kf1 Qc1+
43. Kf2 Qc5+ 44. Kf1 1/2-1/2